Представление документа в формате RUSMARC

ПолеНазваниеЗначение
  Тип записи a
  Библиографический уровень m
001 Контрольный номер UONB/MAIN/85114af1c72a49bc9412a59af9e4edfc
005 Дата корректировки 20251007171305.9
010 Индекс ISBN __
d Цена 30 к.
9 Тираж 50000 экз.
a ISBN 5-277-00592-7
100 Данные общей обработки __
a Данные общей обработки 20251003d1989 u u0rusy0189 ca
101 Язык документа 0_
a Язык текста rus
102 Страна публикации __
a Страна публикации RU
105 Кодированные данные (монография) __
a Кодированные данные (монография) a z 001yy
200 Заглавие и сведения об ответственности 1_
a Заглавие Имя на борту
f Первые сведения об ответственности Ю. С. Крючков
e Сведения, относящиеся к заглавию о названиях кораблей
203 Вид содержания и тип средства __
a Вид содержания Текст
b Характеристика содержания визуальный
c Тип средства непосредственный
210 Выходные данные 1_
a Место издания М.
c Издательство Транспорт
d Дата издания 1989
215 Физическое описание __
a Объем 157, [2] с.
d Формат 17 см
c Иллюстрации/тип воспроизводства ил.
320 Библиография __
a Библиография Библиогр.: с. 157
606 Тематические рубрики 0_
a Основная рубрика Морской флот СССР
x Основная подрубрика История
610 Ключевые слова 0_
a Ключевые слова морской флот СССР; морской флот СССР - история кораблей
686 Индексы других классификаций __
a Классификационный индекс 39.4Г
2 Код системы rubbk
700 Автор _1
a Фамилия Крючков
b Имя (инициалы) Ю. С.
g Полное личное имя Юрий Семенович
801 Источник записи _0
a Страна RU
b Организация Ульяновская ОНБ
c Дата составления 20251003
g Правила каталогизации RCR
801 Источник записи _1
a Страна RU
b Организация Ульяновская ОНБ
c Дата составления 20251003
g Правила каталогизации RCR
901 Тип документа __
t Тип документа m
909 Создатель записи __
a Создатель записи Вилкова
b Дата создания записи 20251003